[Event "OLNN 1920 SV Diagonale Harburg - Schach"]
[Site "?"]
[Date "2021.08.15"]
[Round "9.4"]
[White "Guindy, Esmat Susanne"]
[Black "Hourigan, Gerrit"]
[Result "1/2-1/2"]
[WhiteElo "2101"]
[BlackElo "2268"]
[PlyCount "190"]
[EventDate "2021.??.??"]

1. Nf3 c5 2. c4 Nc6 3. Nc3 g6 4. g3 Bg7 5. Bg2 e6 6. e3 Nge7 7. d4 O-O 8. O-O
b6 9. b3 d5 10. cxd5 exd5 11. Bb2 Ba6 12. Ne2 Rc8 13. Qd2 c4 14. Rfc1 b5 15. b4
Qd6 16. Bc3 Rb8 17. Nf4 Bc8 18. Ne5 Nd8 19. a4 f6 20. Nf3 a6 21. axb5 axb5 22.
Ne1 Ne6 23. Nxe6 Bxe6 24. Ra7 Nc6 25. Ra6 Rfe8 26. Rca1 Bf8 27. e4 dxe4 28.
Bxe4 Bd5 29. Bxd5+ Qxd5 30. Nc2 Qf3 31. Ne3 Bh6 32. Re1 Rbd8 33. d5 Ne5 34.
Bxe5 Rxe5 35. d6 Qb7 36. Rea1 Bxe3 37. fxe3 Rd5 38. Qg2 Qf7 39. Qe4 R5xd6 40.
Rxd6 Rxd6 41. Ra5 Qe6 42. Qxe6+ Rxe6 43. Rxb5 Rxe3 44. Rc5 Rc3 45. b5 Kg7 46.
b6 Rb3 47. Rxc4 Rxb6 48. Rc2 g5 49. h3 h5 50. Kg2 Kg6 51. Rd2 Kf5 52. Ra2 Rb4
53. Rf2+ Ke5 54. Re2+ Kd5 55. Rf2 Ke6 56. Re2+ Kf7 57. Ra2 Kg6 58. Rc2 Rd4 59.
Ra2 Re4 60. Rb2 Kf5 61. Ra2 Rc4 62. Rf2+ Ke5 63. Re2+ Kd5 64. Rf2 Ke5 65. Re2+
Re4 66. Ra2 Kf5 67. Rf2+ Kg6 68. Ra2 Re6 69. Rb2 f5 70. Ra2 h4 71. gxh4 gxh4
72. Kf3 Re1 73. Rg2+ Kf6 74. Ra2 Rb1 75. Ra6+ Kg5 76. Ra8 Rb3+ 77. Kg2 Kf4 78.
Ra4+ Ke3 79. Rxh4 f4 80. Rh8 Rb2+ 81. Kg1 Rb1+ 82. Kh2 f3 83. Re8+ Kf2 84. Ra8
Rb2 85. h4 Ke2 86. Re8+ Kf1+ 87. Kg3 f2 88. Kh2 Rb4 89. Ra8 Rxh4+ 90. Kg3 Re4
91. Kf3 Re7 92. Ra1+ Re1 93. Ra2 Kg1 94. Rxf2 Rf1 95. Rxf1+ Kxf1 1/2-1/2

[Event "OLNN 1920 SV Diagonale Harburg - Schach"]
[Site "?"]
[Date "2021.08.15"]
[Round "9.5"]
[White "Dietz, Juergen"]
[Black "Martin-Sommerfeldt, Luis"]
[Result "1/2-1/2"]
[WhiteElo "2146"]
[BlackElo "2010"]
[PlyCount "55"]
[EventDate "2021.??.??"]

1. f4 Nf6 2. Nf3 b6 3. g3 Bb7 4. Bg2 e6 5. O-O d5 6. d3 Nbd7 7. Nc3 Be7 8. e4
dxe4 9. Ng5 Nc5 10. d4 h6 11. Nh3 Ncd7 12. Nf2 c5 13. Ncxe4 Nxe4 14. Nxe4 Qc7
15. f5 exf5 16. Bf4 Qc8 17. Nd6+ Bxd6 18. Bxd6 Bxg2 19. Kxg2 Qc6+ 20. Qf3 Qxf3+
21. Rxf3 cxd4 22. Re1+ Kd8 23. Be7+ Kc7 24. Rxf5 f6 25. Rd5 Rhe8 26. Rxd4 Rac8
27. c4 Nb8 28. Bd6+ 1/2-1/2

[Event "OLNN 1920 SV Diagonale Harburg - Schach"]
[Site "?"]
[Date "2021.08.15"]
[Round "9.6"]
[White "Holst, Marten"]
[Black "Hermann, Matthias"]
[Result "0-1"]
[WhiteElo "1931"]
[BlackElo "2225"]
[PlyCount "48"]
[EventDate "2021.??.??"]

1. b3 d6 2. Bb2 e5 3. g3 f5 4. Bg2 Nf6 5. e3 c6 6. Ne2 Be6 7. O-O Be7 8. d4
Nbd7 9. c4 O-O 10. Nbc3 Bf7 11. d5 Rc8 12. Rc1 g5 13. f4 Ng4 14. Qd2 Qb6 15.
Nd1 gxf4 16. gxf4 cxd5 17. Bxd5 Ndf6 18. Bxf7+ Rxf7 19. h3 Rg7 20. hxg4 Rxg4+
21. Kh2 Rh4+ 22. Kg1 Kh8 23. Qe1 Rg8+ 24. Ng3 Qc6 0-1

[Event "OLNN 1920 SV Diagonale Harburg - Schach"]
[Site "?"]
[Date "2021.08.15"]
[Round "9.7"]
[White "Gremmel, Jonas Simon"]
[Black "Haschimi, Haschem"]
[Result "1-0"]
[WhiteElo "2021"]
[BlackElo "1892"]
[PlyCount "69"]
[EventDate "2021.??.??"]

1. d4 d5 2. Nf3 Nf6 3. e3 Bg4 4. Be2 e6 5. O-O c5 6. b3 Nc6 7. Bb2 Bxf3 8. Bxf3
cxd4 9. exd4 Bd6 10. c4 Qc7 11. g3 O-O-O 12. c5 Be7 13. Re1 h5 14. a3 g5 15. b4
g4 16. Bg2 h4 17. b5 hxg3 18. hxg3 Nb8 19. Nd2 Kd7 20. Rc1 Qa5 21. a4 Rc8 22.
Bc3 Qd8 23. Qb3 Qg8 24. Bb4 Ke8 25. c6 Bxb4 26. Qxb4 b6 27. Qd6 Qf8 28. Qf4 Qe7
29. Nf1 Rg8 30. Ne3 Nh5 31. Qh6 Ng7 32. Nxd5 Qd6 33. Nf6+ Ke7 34. Nxg8+ Rxg8
35. c7 1-0

[Event "OLNN 1920 SV Diagonale Harburg - Schach"]
[Site "?"]
[Date "2021.08.15"]
[Round "9.8"]
[White "Easwaralingam, Adesh"]
[Black "Mix, Clemens"]
[Result "1-0"]
[WhiteElo "2141"]
[BlackElo "1981"]
[PlyCount "91"]
[EventDate "2021.??.??"]

1. e4 c5 2. Nf3 Nc6 3. Bb5 g6 4. Bxc6 dxc6 5. d3 Bg7 6. h3 e5 7. Be3 b6 8. a4
a5 9. Na3 Ne7 10. Nc4 f6 11. b4 axb4 12. a5 bxa5 13. Bxc5 O-O 14. Bxb4 a4 15.
Bc5 Be6 16. Nb6 Ra6 17. Nxa4 Rf7 18. Nc3 Rxa1 19. Qxa1 Nc8 20. Qa8 Qd7 21. O-O
Qb7 22. Qa3 Bf8 23. Rb1 Qc7 24. Na4 Nd6 25. Nc3 Kg7 26. Qb4 Nb5 27. Na4 h6 28.
c3 f5 29. Bxf8+ Rxf8 30. Qc5 fxe4 31. Nxe5 Nd6 32. Qd4 Kh7 33. dxe4 Nb5 34. Qc5
Nd6 35. Rd1 Rd8 36. Qxc6 Qxc6 37. Nxc6 Bb3 38. Rd4 Rc8 39. Ne7 Re8 40. Rxd6
Bxa4 41. Nxg6 Rxe4 42. Nf8+ Kg7 43. Ne6+ Kh7 44. Nd4 Re1+ 45. Kh2 Rf1 46. f3
1-0

[Event "OLNN 1920 Preetzer TSV - Lübecker SV"]
[Site "?"]
[Date "2021.08.15"]
[Round "9.1"]
[White "Kalinitschew, Sergey"]
[Black "Pedersen, Steffen"]
[Result "1/2-1/2"]
[WhiteElo "2434"]
[BlackElo "2332"]
[PlyCount "24"]
[EventDate "2021.??.??"]

1. c4 e6 2. Nf3 d5 3. g3 Nf6 4. Bg2 d4 5. O-O c5 6. b4 cxb4 7. a3 Nc6 8. Bb2
bxa3 9. Nxa3 Bc5 10. e3 O-O 11. exd4 Nxd4 12. Nc2 Nxf3+ 1/2-1/2

[Event "OLNN 1920 Preetzer TSV - Lübecker SV"]
[Site "?"]
[Date "2021.08.15"]
[Round "9.3"]
[White "Ehrke, Michael"]
[Black "Schwarz, Frank"]
[Result "1/2-1/2"]
[WhiteElo "2243"]
[BlackElo "2231"]
[PlyCount "23"]
[EventDate "2021.??.??"]

1. d4 d5 2. Bf4 Nf6 3. e3 e6 4. c3 Bd6 5. Bg3 c5 6. Nd2 Qc7 7. Ngf3 Nbd7 8. Bd3
O-O 9. O-O Bxg3 10. hxg3 e5 11. dxe5 Nxe5 12. Nxe5 1/2-1/2

[Event "OLNN 1920 Preetzer TSV - Lübecker SV"]
[Site "?"]
[Date "2021.08.15"]
[Round "9.4"]
[White "Light, Bjarne"]
[Black "Lampe, Dirk"]
[Result "1/2-1/2"]
[WhiteElo "2235"]
[BlackElo "2160"]
[PlyCount "45"]
[EventDate "2021.??.??"]

1. d4 Nf6 2. Nf3 g6 3. Bg5 Bg7 4. Nbd2 O-O 5. c3 d6 6. e4 c5 7. dxc5 dxc5 8.
Bc4 Nc6 9. Qe2 Qc7 10. O-O h6 11. Bxf6 Bxf6 12. Qe3 Kg7 13. Qxc5 b6 14. Qe3 Rd8
15. Rfe1 Ne5 16. Bf1 Bg5 17. Qe2 Bg4 18. Nc4 Bxf3 19. gxf3 Nxc4 20. Qxc4 Qf4
21. e5 Rd2 22. Qxf4 Bxf4 23. Re2 1/2-1/2

[Event "OLNN 1920 Preetzer TSV - Lübecker SV"]
[Site "?"]
[Date "2021.08.15"]
[Round "9.5"]
[White "Frohberg, Marco"]
[Black "Skaanning-Pedersen, Kim Henrik"]
[Result "0-1"]
[WhiteElo "2208"]
[BlackElo "2276"]
[PlyCount "168"]
[EventDate "2021.??.??"]

1. Nf3 c5 2. c4 g6 3. Nc3 Nc6 4. g3 Bg7 5. Bg2 d6 6. O-O e5 7. d3 Nge7 8. Ne1
Be6 9. Nd5 O-O 10. Nc2 Rb8 11. Bd2 b5 12. b3 h6 13. Rb1 Kh7 14. a4 b4 15. h3
Qd7 16. Kh2 f5 17. f4 e4 18. Nce3 Rbe8 19. Bc1 Nd4 20. Nxe7 Rxe7 21. Nd5 Bxd5
22. cxd5 exd3 23. e3 Ne2 24. Qxd3 Nc3 25. Rb2 Rfe8 26. Rc2 Bf6 27. Bf3 Rc8 28.
Rg2 Rce8 29. Rfg1 Rg7 30. g4 Ne4 31. Qc2 Bc3 32. Qd3 Qf7 33. Kh1 Qe7 34. gxf5
gxf5 35. Rxg7+ Bxg7 36. Qe2 Bc3 37. Qg2 Qg7 38. Qc2 Qf7 39. Bb2 Qxd5 40. Bxc3
bxc3 41. Rd1 Qe6 42. Kh2 Qf6 43. Rc1 Qh4 44. Bxe4 Rxe4 45. Rd1 Re6 46. Rg1 Qf6
47. Qd3 Re7 48. Qd5 Qe6 49. Qg2 d5 50. h4 d4 51. e4 d3 52. Qg3 fxe4 53. Kh1 e3
54. f5 Qf7 55. f6 Re6 56. Qg4 Rxf6 57. Qe4+ Kh8 58. Qxd3 Qb7+ 59. Rg2 Qf3 60.
Qd7 Qf1+ 61. Kh2 Qf4+ 62. Kg1 Rf7 63. Qc8+ Rf8 64. Qxc5 Qf1+ 65. Kh2 Qf4+ 66.
Kg1 Qf1+ 67. Kh2 Qf6 68. Qxe3 Qxh4+ 69. Kg1 Qf6 70. Qc5 Rd8 71. Rf2 Qg5+ 72.
Qxg5 hxg5 73. Rc2 Rd3 74. b4 Kg7 75. b5 Kf6 76. a5 Ke5 77. b6 axb6 78. a6 Kd4
79. Ra2 Re3 80. a7 Re8 81. a8=Q Rxa8 82. Rxa8 c2 83. Rc8 Kd3 84. Kf2 Kd2 0-1

[Event "OLNN 1920 Preetzer TSV - Lübecker SV"]
[Site "?"]
[Date "2021.08.15"]
[Round "9.6"]
[White "Willsch, Matthias"]
[Black "Staeblein, Christoph"]
[Result "1/2-1/2"]
[WhiteElo "2165"]
[BlackElo "2170"]
[PlyCount "29"]
[EventDate "2021.??.??"]

1. d4 Nf6 2. c4 e6 3. g3 Bb4+ 4. Nd2 c5 5. a3 Bxd2+ 6. Qxd2 cxd4 7. Nf3 b6 8.
Bg2 Bb7 9. O-O O-O 10. Qxd4 Nc6 11. Qd3 d5 12. b4 dxc4 13. Qxc4 Rc8 14. Qb3 Nd4
15. Nxd4 1/2-1/2

[Event "OLNN 1920 Preetzer TSV - Lübecker SV"]
[Site "?"]
[Date "2021.08.15"]
[Round "9.7"]
[White "Koop, Thilo"]
[Black "Schwarzat, Julian"]
[Result "0-1"]
[WhiteElo "2154"]
[BlackElo "2119"]
[PlyCount "42"]
[EventDate "2021.??.??"]

1. e4 c6 2. Nf3 g6 3. d4 d5 4. Nc3 Bg4 5. exd5 cxd5 6. h3 Bf5 7. Bb5+ Nc6 8.
Ne5 Rc8 9. Qf3 f6 10. Nxc6 bxc6 11. Ba4 Bd7 12. O-O Qb6 13. Re1 e6 14. Nxd5
cxd5 15. Qxd5 Bxa4 16. Rxe6+ Ne7 17. Bd2 Bd7 18. Re3 Qb5 19. Qf3 Kf7 20. Rae1
Nf5 21. Rb3 Nxd4 0-1

[Event "OLNN 1920 Preetzer TSV - Lübecker SV"]
[Site "?"]
[Date "2021.08.15"]
[Round "9.8"]
[White "Kornrumpf, Joachim"]
[Black "Bosselmann, Tom Linus"]
[Result "1-0"]
[WhiteElo "2063"]
[BlackElo "2037"]
[PlyCount "129"]
[EventDate "2021.??.??"]

1. b3 e5 2. c4 Nc6 3. Bb2 g6 4. e3 Bg7 5. d3 d6 6. Nf3 Nge7 7. Be2 O-O 8. Qc2
f5 9. a3 a5 10. O-O h6 11. Nc3 Be6 12. Rad1 Bf7 13. d4 e4 14. Nd2 g5 15. f3 f4
16. d5 exf3 17. Nxf3 Bg6 18. Bd3 Bxd3 19. Qxd3 Ne5 20. Nxe5 Bxe5 21. exf4 gxf4
22. Bc1 Kg7 23. Ne2 Ng6 24. Nd4 Bxd4+ 25. Qxd4+ Qf6 26. Bxf4 Qxd4+ 27. Rxd4
Rae8 28. Bd2 Rxf1+ 29. Kxf1 b6 30. Rd3 Rf8+ 31. Ke1 Re8+ 32. Kd1 Re4 33. Bc3+
Ne5 34. Bxe5+ Rxe5 35. Rg3+ Kf6 36. Kd2 Re4 37. Rf3+ Kg6 38. Re3 Rh4 39. h3 Rf4
40. Rg3+ Kf5 41. Ke3 a4 42. Rg7 Rh4 43. Rxc7 axb3 44. Kd3 b2 45. Kc2 Rd4 46.
Kxb2 Rd2+ 47. Kc3 Rxg2 48. Rc6 Ke5 49. Rxb6 Rg3+ 50. Kb4 Rxh3 51. a4 Rh1 52. a5
h5 53. a6 Rb1+ 54. Ka5 Ra1+ 55. Kb5 h4 56. Rb7 h3 57. Rh7 Ra3 58. Kb6 Kd4 59.
a7 Kxc4 60. Rh8 Rxa7 61. Kxa7 Kxd5 62. Kb6 Kc4 63. Rh4+ Kc3 64. Rxh3+ Kc4 65.
Rh4+ 1-0

[Event "OLNN 1920 SK Doppelbauer Kiel - Hamburg"]
[Site "?"]
[Date "2021.08.15"]
[Round "9.1"]
[White "Groetzbach, Julian"]
[Black "Beeck, Mats"]
[Result "0-1"]
[WhiteElo "2282"]
[BlackElo "2126"]
[PlyCount "86"]
[EventDate "2021.??.??"]

1. e4 e5 2. Nf3 Nc6 3. Bb5 Nf6 4. O-O Nxe4 5. d4 Nd6 6. Bxc6 dxc6 7. dxe5 Nf5
8. Qxd8+ Kxd8 9. Nc3 Be7 10. h3 Nh4 11. Nxh4 Bxh4 12. Ne2 a5 13. Bf4 a4 14.
Rfd1+ Ke8 15. Rd2 Be7 16. Nd4 g5 17. Bh2 h5 18. f4 g4 19. f5 Bg5 20. Re2 Ra5
21. e6 Bf6 22. c3 a3 23. b4 Rd5 24. Rae1 gxh3 25. gxh3 Bxd4+ 26. cxd4 fxe6 27.
Be5 Rg8+ 28. Kh1 c5 29. bxc5 exf5 30. Bxc7+ Kd7 31. Re7+ Kc6 32. Be5 Kb5 33.
Re3 Bd7 34. Rxd7 Rxd7 35. Rxa3 Kc6 36. Rb3 Kd5 37. Rf3 Rf7 38. Kh2 Ra8 39. a3
Ke4 40. Rf4+ Ke3 41. Kg3 Rg8+ 42. Kh4 Re8 43. Rf1 f4 0-1

[Event "OLNN 1920 SK Doppelbauer Kiel - Hamburg"]
[Site "?"]
[Date "2021.08.15"]
[Round "9.2"]
[White "Wanner, Lukas"]
[Black "Poeck, Ole"]
[Result "1-0"]
[WhiteElo "2083"]
[BlackElo "2249"]
[PlyCount "141"]
[EventDate "2021.??.??"]

1. c4 c5 2. g3 Nf6 3. Bg2 d5 4. cxd5 Nxd5 5. Nc3 Nc7 6. Nf3 Nc6 7. O-O e5 8.
Ne1 Bd7 9. Nd3 f6 10. f4 c4 11. Ne1 Bc5+ 12. Kh1 h5 13. fxe5 f5 14. Nf3 Be7 15.
d4 cxd3 16. Qxd3 h4 17. gxh4 Bxh4 18. e4 f4 19. Nxh4 Qxh4 20. Bxf4 Ne6 21. Bg3
Qg5 22. Nb5 O-O-O 23. Nd6+ Kb8 24. Nf7 Qg6 25. Nxh8 Rxh8 26. Qxd7 Qxg3 27. Qe8+
Rxe8 28. hxg3 Nxe5 29. b3 Nd4 30. Rf2 g5 31. Raf1 Kc7 32. Rf8 Re7 33. Rh8 Kb6
34. Rh5 Ng4 35. Bh3 Rxe4 36. Rxg5 Ne3 37. Rf6+ Nc6 38. Bg2 Rd4 39. Bxc6 bxc6
40. Rf2 a5 41. Re2 Nd5 42. g4 Rd1+ 43. Kh2 Ra1 44. Rxd5 cxd5 45. g5 Rf1 46. g6
Rf8 47. g7 Rg8 48. Rg2 Kc5 49. Rg4 Kd6 50. Kg3 Ke5 51. Kf3 Kf5 52. Rg1 d4 53.
Ke2 Ke6 54. Kd3 Kf7 55. Kxd4 Rd8+ 56. Kc5 Kg8 57. Kb5 Rd5+ 58. Ka4 Re5 59. a3
Rf5 60. b4 axb4 61. axb4 Rf4 62. Ka5 Rf2 63. b5 Ra2+ 64. Kb6 Rb2 65. Kc6 Rc2+
66. Kb7 Rb2 67. b6 Rb3 68. Kc7 Rc3+ 69. Kb8 Rb3 70. b7 Rb2 71. Rg6 1-0

[Event "OLNN 1920 SK Doppelbauer Kiel - Hamburg"]
[Site "?"]
[Date "2021.08.15"]
[Round "9.3"]
[White "Woelk, Tom-Frederic"]
[Black "Rieper, Julian"]
[Result "1/2-1/2"]
[WhiteElo "2314"]
[BlackElo "2110"]
[PlyCount "73"]
[EventDate "2021.??.??"]

1. d4 d5 2. c4 e6 3. Nc3 Nf6 4. cxd5 exd5 5. Bg5 Nbd7 6. e3 Be7 7. Bd3 Nf8 8.
Qc2 g6 9. Nf3 Ne6 10. Bxf6 Bxf6 11. b4 a5 12. b5 O-O 13. O-O Ng7 14. Rfc1 Bg4
15. Qb3 Be6 16. Ne1 Qd6 17. Be2 Nf5 18. Nd3 b6 19. Bf3 Rad8 20. Nf4 Nxd4 21.
exd4 Qxf4 22. Ne2 Qd6 23. Rc6 Qe7 24. Qc3 Rd7 25. Nf4 Qb4 26. Qxb4 axb4 27. Rd1
Re8 28. g3 g5 29. Nd3 Bxd4 30. Nxb4 Bc5 31. Nxd5 Bxd5 32. Rxd5 Rxd5 33. Bxd5
Re5 34. Bf3 Bd6 35. a4 Re1+ 36. Kg2 Ra1 37. Rc4 1/2-1/2

[Event "OLNN 1920 SK Doppelbauer Kiel - Hamburg"]
[Site "?"]
[Date "2021.08.15"]
[Round "9.4"]
[White "Saglam, Buelent"]
[Black "Bracker, Arne"]
[Result "0-1"]
[WhiteElo "2115"]
[BlackElo "2264"]
[PlyCount "73"]
[EventDate "2021.??.??"]

1. e4 e5 2. Nf3 Nc6 3. Bb5 a6 4. Ba4 Nf6 5. O-O b5 6. Bb3 Bc5 7. c3 d6 8. d4
Bb6 9. dxe5 Nxe5 10. Nxe5 dxe5 11. Qxd8+ Kxd8 12. Nd2 Ke7 13. Nf3 Be6 14. Bg5
h6 15. Bh4 Bxb3 16. axb3 Ke6 17. Bxf6 Kxf6 18. Rfd1 Rhd8 19. Rxd8 Rxd8 20. b4
a5 21. bxa5 Bxa5 22. Kf1 Bb6 23. Ra3 Rd1+ 24. Ke2 Rc1 25. Rb3 c6 26. Ne1 Ra1
27. Nc2 Rg1 28. Ne1 Bc5 29. c4 bxc4 30. Rb7 Bd4 31. Rc7 c5 32. Rb7 g5 33. h3 h5
34. b4 cxb4 35. Rc7 b3 36. Rxc4 b2 37. Rb4 0-1

[Event "OLNN 1920 SK Doppelbauer Kiel - Hamburg"]
[Site "?"]
[Date "2021.08.15"]
[Round "9.5"]
[White "Bente, Bjoern"]
[Black "Petri, Alexander"]
[Result "1/2-1/2"]
[WhiteElo "2226"]
[BlackElo "2139"]
[PlyCount "41"]
[EventDate "2021.??.??"]

1. d4 d5 2. Nf3 Nf6 3. e3 c6 4. c4 a6 5. b3 Bg4 6. Be2 e6 7. O-O Bd6 8. Bb2
Nbd7 9. Ne5 Bxe2 10. Qxe2 O-O 11. Nd2 a5 12. e4 Bb4 13. Nxd7 Nxd7 14. Nf3 Nf6
15. cxd5 cxd5 16. e5 Ne8 17. Rfc1 Nc7 18. Rc2 Qd7 19. Rac1 Rfc8 20. Qd3 h6 21.
a4 1/2-1/2

[Event "OLNN 1920 SK Doppelbauer Kiel - Hamburg"]
[Site "?"]
[Date "2021.08.15"]
[Round "9.6"]
[White "Buchholz, Sebastian"]
[Black "Bach, Matthias"]
[Result "1/2-1/2"]
[WhiteElo "2151"]
[BlackElo "2270"]
[PlyCount "97"]
[EventDate "2021.??.??"]

1. c4 Nf6 2. Nc3 e6 3. e4 d5 4. e5 Ne4 5. Nf3 c5 6. Qc2 Nc6 7. cxd5 exd5 8.
Nxe4 Nb4 9. Qb1 dxe4 10. Qxe4 Bd7 11. a3 Bc6 12. Qb1 Bxf3 13. gxf3 Nc6 14. Qe4
Qb6 15. Bc4 Rd8 16. d3 Nd4 17. O-O Be7 18. Kh1 O-O 19. Rg1 Rfe8 20. Rg3 g6 21.
Bh6 Qc6 22. Qxc6 Nxc6 23. f4 Nd4 24. a4 Nf5 25. Rh3 Rd4 26. Bb5 Red8 27. Bg5
Bxg5 28. fxg5 Rf4 29. Kg1 Rg4+ 30. Kf1 Rxg5 31. Re1 Nd4 32. Bc4 Ne6 33. Re4 Rf5
34. Rhe3 Kg7 35. Kg2 h5 36. h4 Rf8 37. Kg3 Kh6 38. f4 Rd8 39. Re1 Kg7 40. Rc1
b6 41. Rg1 Nd4 42. Kf2 Ne6 43. Ke3 Rd7 44. Rd1 Nd4 45. Rg1 Ne6 46. Rg2 Nc7 47.
Rg1 Ne6 48. Rg2 Nc7 49. Rg1 1/2-1/2

[Event "OLNN 1920 SK Doppelbauer Kiel - Hamburg"]
[Site "?"]
[Date "2021.08.15"]
[Round "9.7"]
[White "Schumacher, Norbert"]
[Black "Farokhi, Keyvan"]
[Result "1/2-1/2"]
[WhiteElo "2169"]
[BlackElo "2045"]
[PlyCount "51"]
[EventDate "2021.??.??"]

1. d4 Nf6 2. c4 e6 3. Nf3 d5 4. g3 Be7 5. Bg2 O-O 6. O-O dxc4 7. Qc2 a6 8. a4
Bd7 9. Ne5 Bc6 10. Nxc6 Nxc6 11. e3 Na5 12. Nd2 c5 13. Nxc4 cxd4 14. Nxa5 Qxa5
15. exd4 Rac8 16. Qb3 b5 17. Bf4 b4 18. Rac1 h6 19. Bb7 Rxc1 20. Rxc1 Qb6 21.
Bf3 Qxd4 22. Rc7 Qd8 23. Rc6 Nd5 24. Be5 a5 25. Qc4 Qd7 26. b3 1/2-1/2

[Event "OLNN 1920 SK Doppelbauer Kiel - Hamburg"]
[Site "?"]
[Date "2021.08.15"]
[Round "9.8"]
[White "Dittrich, Gunnar"]
[Black "Kotyk, Michael"]
[Result "0-1"]
[WhiteElo "1992"]
[BlackElo "1981"]
[PlyCount "62"]
[EventDate "2021.??.??"]

1. e4 e5 2. Bc4 Nf6 3. d4 exd4 4. Nf3 Nc6 5. O-O Nxe4 6. Re1 d5 7. Bxd5 Qxd5 8.
Nc3 Qh5 9. Nxe4 Be6 10. Bg5 Bd6 11. Nxd6+ cxd6 12. Bf4 Qd5 13. c4 Qxc4 14. Bxd6
Qd5 15. Ba3 O-O-O 16. Rc1 Kb8 17. Rc5 Qxa2 18. Nd2 Rd5 19. Rc1 Rd7 20. Rc5 Rhd8
21. Qf3 d3 22. Qg3+ Ka8 23. Qxg7 Nd4 24. h3 Nb3 25. Nxb3 Qxb3 26. Rec1 b6 27.
Rc8+ Rxc8 28. Rxc8+ Kb7 29. Qh8 d2 30. Bc5 d1=Q+ 31. Kh2 Rc7 0-1

[Event "OLNN 1920 SC Diogenes - SC Königssprin"]
[Site "?"]
[Date "2021.08.15"]
[Round "9.1"]
[White "Pfreundt, Jakob"]
[Black "Hochgraefe, Markus"]
[Result "1-0"]
[WhiteElo "2396"]
[BlackElo "2399"]
[PlyCount "83"]
[EventDate "2021.??.??"]

1. e4 c6 2. Nf3 d5 3. Nc3 dxe4 4. Nxe4 Nf6 5. Qe2 Nxe4 6. Qxe4 Qa5 7. Bd3 Nd7
8. O-O Nf6 9. Qf4 e6 10. c3 Be7 11. Bc2 c5 12. d4 cxd4 13. Qxd4 O-O 14. Qe5
Qxe5 15. Nxe5 Rd8 16. Rd1 Rxd1+ 17. Bxd1 Ne4 18. Be3 f6 19. Nc4 b6 20. Bf3 Bb7
21. a4 Rc8 22. Na3 Bxa3 23. Rxa3 Nd6 24. Bxb7 Nxb7 25. Ra1 Kf8 26. Kf1 Ke7 27.
Ke2 Na5 28. Rd1 e5 29. f3 Nb3 30. Kd3 Nc5+ 31. Kc2 Nxa4 32. Ra1 Rc4 33. Bd2 Nc5
34. b3 Rh4 35. Rxa7+ Nd7 36. h3 g5 37. Be3 Kd6 38. c4 Kc6 39. Bf2 Rh6 40. b4 f5
41. b5+ Kd6 42. Ra6 1-0

[Event "OLNN 1920 SC Diogenes - SC Königssprin"]
[Site "?"]
[Date "2021.08.15"]
[Round "9.2"]
[White "Schulenburg, Fabian"]
[Black "Rosmann, Ilja"]
[Result "1/2-1/2"]
[WhiteElo "2279"]
[BlackElo "2297"]
[PlyCount "73"]
[EventDate "2021.??.??"]

1. e4 c5 2. Nf3 Nc6 3. Nc3 e6 4. d4 cxd4 5. Nxd4 Qc7 6. g3 a6 7. Bg2 b5 8. O-O
Bb7 9. Re1 d6 10. a4 bxa4 11. Rxa4 Be7 12. Rc4 Qd7 13. Nxc6 Bxc6 14. Qd4 Bb5
15. Nxb5 axb5 16. Rb4 e5 17. Qd3 Rb8 18. Bf1 Nf6 19. Rxb5 O-O 20. f3 Rfc8 21.
c3 Qc7 22. Rd1 Nd7 23. Rxb8 Rxb8 24. Kg2 Nb6 25. b3 g6 26. Ba3 Qa7 27. Ra1 d5
28. Bb2 Qb7 29. exd5 Nxd5 30. c4 Qxb3 31. Qxb3 Rxb3 32. Ra8+ Kg7 33. Bxe5+ f6
34. Bd4 Ne3+ 35. Kf2 Nf5 36. Ba1 Bc5+ 37. Ke2 1/2-1/2

[Event "OLNN 1920 SC Diogenes - SC Königssprin"]
[Site "?"]
[Date "2021.08.15"]
[Round "9.3"]
[White "Schmidt, Jan-Peter"]
[Black "Schulenburg, Torben"]
[Result "1/2-1/2"]
[WhiteElo "2257"]
[BlackElo "2188"]
[PlyCount "25"]
[EventDate "2021.??.??"]

1. Nf3 Nf6 2. c4 g6 3. d4 Bg7 4. g3 O-O 5. Bg2 d5 6. cxd5 Nxd5 7. O-O Nb6 8.
Nc3 Nc6 9. e3 Re8 10. h3 Bd7 11. Re1 a5 12. d5 Nb4 13. Nd4 1/2-1/2

[Event "OLNN 1920 SC Diogenes - SC Königssprin"]
[Site "?"]
[Date "2021.08.15"]
[Round "9.4"]
[White "Mach, Holger"]
[Black "Borgmeyer, Max"]
[Result "1/2-1/2"]
[WhiteElo "2213"]
[BlackElo "2182"]
[PlyCount "78"]
[EventDate "2021.??.??"]

1. e4 c5 2. Nc3 d6 3. Nge2 Nf6 4. d4 cxd4 5. Nxd4 a6 6. Be3 e5 7. Nb3 Be6 8.
Qd2 Nbd7 9. f3 b5 10. O-O-O Nb6 11. Kb1 Nc4 12. Bxc4 bxc4 13. Nc1 Be7 14. g4
O-O 15. g5 Ne8 16. N1e2 Qb8 17. h4 Qb7 18. Nd5 Bd8 19. f4 Rb8 20. b3 cxb3 21.
cxb3 f5 22. exf5 Bxf5+ 23. Ka1 Nc7 24. Nec3 Bg4 25. Rdf1 Be6 26. Nxc7 Bxc7 27.
fxe5 dxe5 28. Bc5 Rf3 29. Rxf3 Qxf3 30. Re1 Rd8 31. Qe3 Qc6 32. Rc1 Bf5 33. Qf2
g6 34. Ba3 Bb6 35. Qe1 Bd4 36. Bb2 Qf3 37. Na4 Be3 38. Qc3 Rc8 39. Qxe5 Rxc1+
1/2-1/2

[Event "OLNN 1920 SC Diogenes - SC Königssprin"]
[Site "?"]
[Date "2021.08.15"]
[Round "9.5"]
[White "Lampe, Joerg"]
[Black "Laqua, Christian"]
[Result "1-0"]
[WhiteElo "2119"]
[BlackElo "2103"]
[PlyCount "79"]
[EventDate "2021.??.??"]

1. e4 Nf6 2. e5 Nd5 3. d4 d6 4. Bc4 c6 5. exd6 Qxd6 6. Ne2 Bg4 7. O-O Bxe2 8.
Bxe2 e6 9. c4 Nf6 10. Nc3 Nbd7 11. Bf3 Qb4 12. a3 Qa5 13. d5 cxd5 14. cxd5 e5
15. Be3 Bd6 16. b4 Qc7 17. Rc1 Qb8 18. Nb5 O-O 19. Nxd6 Qxd6 20. Bc5 Nxc5 21.
bxc5 Qa6 22. Re1 Rfe8 23. Qb3 e4 24. Be2 Qa5 25. d6 Rac8 26. Bc4 Rf8 27. Qb4
Qxb4 28. axb4 Rfd8 29. f3 Kf8 30. fxe4 a5 31. e5 Nd7 32. e6 fxe6 33. Bxe6 axb4
34. Rf1+ Nf6 35. Bxc8 Rxc8 36. Rf5 Kf7 37. Rf4 b3 38. Rb4 Ke6 39. Rxb3 Ne4 40.
Re3 1-0

[Event "OLNN 1920 SC Diogenes - SC Königssprin"]
[Site "?"]
[Date "2021.08.15"]
[Round "9.6"]
[White "Gottuk, Stefan"]
[Black "Hloskovsky, Andrei"]
[Result "1-0"]
[WhiteElo "2148"]
[BlackElo "2064"]
[PlyCount "73"]
[EventDate "2021.??.??"]

1. d4 d5 2. Bf4 c6 3. e3 e6 4. Nf3 f5 5. Ne5 Nf6 6. Nd2 Be7 7. Bd3 Nbd7 8. h3
c5 9. c3 Qb6 10. Qc2 Ne4 11. h4 Nxe5 12. Bxe5 Bd7 13. h5 Bf6 14. Nf3 Bb5 15.
Bxb5+ Qxb5 16. Qb3 Qa6 17. h6 g6 18. Bxf6 Nxf6 19. Ne5 Nd7 20. Nxd7 Kxd7 21.
dxc5 Rac8 22. Rh4 Rxc5 23. Ra4 Qc6 24. Rxa7 Rb5 25. Qa3 Rc8 26. Rd1 Qb6 27. Rd2
Rcc5 28. Ra4 Ra5 29. Rdd4 Qa6 30. Rdb4 Kc6 31. Qb3 b6 32. Rxa5 Rxa5 33. a3 Rc5
34. Qd1 e5 35. f4 e4 36. Qd4 Kb7 37. Qxc5 1-0

[Event "OLNN 1920 SC Diogenes - SC Königssprin"]
[Site "?"]
[Date "2021.08.15"]
[Round "9.7"]
[White "Moehrmann, Marcus"]
[Black "Apitzsch, Leon Fabian"]
[Result "1-0"]
[WhiteElo "2046"]
[BlackElo "1987"]
[PlyCount "121"]
[EventDate "2021.??.??"]

1. d4 d5 2. c4 c6 3. Nf3 Nf6 4. Nc3 dxc4 5. a4 Bf5 6. e3 e6 7. Bxc4 Bb4 8. O-O
O-O 9. Qb3 Qb6 10. Nh4 Bg6 11. f4 Bxc3 12. Nxg6 Qxb3 13. Bxb3 hxg6 14. bxc3 c5
15. Ba3 Nbd7 16. Rfd1 Rfc8 17. d5 c4 18. dxe6 cxb3 19. exd7 Rd8 20. Rab1 Rxd7
21. Rxd7 Nxd7 22. Rxb3 b6 23. c4 Rc8 24. Rd3 Nc5 25. Bxc5 Rxc5 26. Rd8+ Kh7 27.
Rd7 Ra5 28. Rxf7 Rxa4 29. Kf2 a5 30. Rc7 Ra2+ 31. Kf3 a4 32. c5 b5 33. Rb7 Rb2
34. c6 a3 35. c7 Rc2 36. Rxb5 Rxc7 37. Ra5 Rc3 38. h4 Rb3 39. g4 Kg8 40. Ra7
Rc3 41. h5 gxh5 42. gxh5 Kh7 43. Ra6 Kg8 44. f5 Rc5 45. Kf4 Rc4+ 46. e4 Rc3 47.
e5 Rc4+ 48. Kg5 Re4 49. e6 Kf8 50. Rxa3 Re1 51. Ra8+ Ke7 52. Ra7+ Kf8 53. Kg6
Rg1+ 54. Kh7 Rh1 55. Rf7+ Ke8 56. Kxg7 Rxh5 57. Kg6 Rh1 58. Rh7 Rg1+ 59. Kf6
Rg8 60. Re7+ Kf8 61. Ra7 1-0